000 00440ntaaa2200181 4500
003 01
005 20251027201650.0
008 0714s1973 ag 01
040 _aAR-BaBN
_bspa
_cAR-BaBN
_eaacr
_dRIC
082 _a232.9000 G16v
100 _aGarcitoral, Alicio
_915338
245 _aVida humana de Jesús
250 _a1 ed.
260 _aBuenos Aires :
_bBajal,
_c1952
300 _a191 p
650 _aJesucristo-vida
_91884
942 _cBK
999 _c11364
_d11364